000 00429 a2200157 4500
005 20250626054854.0
020 _a0-07-297256-4
082 _a658.02'2MEG.
100 _aMEGGINGSON, L.
245 _aSmall Business Management
250 _a5th Ed
260 _aNew York,
_bMc Graw Hill Irwin Education,
_c2006.
300 _axiii.; 507p.; Ill.; picture,
_bIndex,
_c26cm.
700 _aBYRD, J. M.; MEGGINSON, W.
942 _2ddc
_cBKS
999 _c5173
_d5173